|
|
|
|
| LEADER |
01343nam a2200301 a 4500 |
| 001 |
GR-Patra467 |
| 008 |
991022s1983 ne e 000 b eng d |
| 020 |
|
|
|a 0444866795
|
| 040 |
|
|
|a GrPaTEI
|b gre
|c GR-PaULI
|
| 082 |
|
0 |
|a 551.22
|
| 245 |
0 |
0 |
|a Earthquakes :
|b observation, theory and interpetation: Varenna on Lake Como, Villa Monastero, 29th June-9th July 1982.
|
| 260 |
|
|
|a Amsterdam :
|b North Holland,
|c 1983
|
| 300 |
|
|
|a xvi, 608σ. :
|b εικ.
|
| 490 |
1 |
|
|a Proceedings of the International School of Physics "Enrico Fermi" ;
|v course 85
|
| 650 |
|
0 |
|a EARTHQUAKES
|
| 650 |
|
0 |
|a International School of Physics "Enrico Fermi" (1982 : Varenna, Italy)
|
| 650 |
|
4 |
|a ΣΕΙΣΜΟΙ
|
| 651 |
|
4 |
|a ΙΤΑΛΙΑ
|
| 653 |
|
|
|a ΣΕΙΣΜΟΛΟΓΙΑ-ΣΥΝΕΔΡΙΑ
|
| 700 |
1 |
|
|a Kanamori, Hiroo
|
| 710 |
0 |
|
|a North Holland
|
| 710 |
2 |
|
|a International School of Physics "Enrico Fermi" (1982 : Varenna, Italy)
|
| 710 |
2 |
|
|a Societa' Italiana di Fisica
|
| 830 |
|
0 |
|1 00112320
|1 2001
|a Proceedings of the International School of Physics "Enrico Fermi" ;
|v course 85
|
| 942 |
|
|
|2 ddc
|
| 952 |
|
|
|0 0
|1 0
|2 ddc
|4 0
|6 551_220000000000000_INT
|7 0
|9 281270
|a LISK
|b LISK
|c BSC
|d 2021-01-17
|e 24
|f 0
|g 0.00
|l 0
|o 551.22 INT
|p 9241003097
|r 2021-01-17 00:00:00
|t 1
|w 2021-01-17
|y BK15
|x 19991024 0 1
|x GrPaTEI
|
| 971 |
|
|
|a .b26479631
|b 08-10-20
|c 23-09-16
|
| 999 |
|
|
|c 163761
|d 163761
|